| 000 | 00584nam a2200229Ia 4500 | ||
|---|---|---|---|
| 008 | 160404s9999 xx 000 0 und d | ||
| 020 | _a971-91562-6-0 | ||
| 050 | _aFIL RM 121.5 | ||
| 050 | _b.M43 2004 c.1 | ||
| 245 | _aMedicine blue book / | ||
| 245 | _cedited by Willie T. Ong, Anna Liza R. Ong. | ||
| 250 | _a6th Edition | ||
| 260 | _aMandaluyong: | ||
| 260 | _bCacho, Hermanos, Inc., | ||
| 260 | _c2004 | ||
| 300 | _a216 pages : | ||
| 300 | _billustrations ; | ||
| 300 | _c18 cm. | ||
| 650 | _aDrugs list. | ||
| 650 | _aMedical problems. | ||
| 650 | _xDiseases. | ||
| 999 |
_c293110 _d293110 |
||